| 000 | 00859nam a2200229Ii 4500 | ||
|---|---|---|---|
| 003 | JO-AjNU | ||
| 008 | 230605s9999||||xx |||||||||||||| ||und|| | ||
| 017 | _a2001/14133 | ||
| 020 | _a977-337-109-3 | ||
| 040 |
_aJO-AjNU _bara _erda _cJO-AjNU |
||
| 041 | _aara | ||
| 050 | 1 | 4 | _aHG4523 2010 |
| 100 | 3 |
_aاعداد: مركز الخبرات المهنية اللادارة بميك؛المستشار:عبدالرحمن توفيق, _eauthor _933880 |
|
| 245 | 0 | 0 | _aالمفاهيم المالية المعاصرة |
| 264 | 3 | 1 | _aالقاهرة: مركز الخبرات المهنية اللادارة بميك،2011 |
| 300 | _a87ص | ||
| 336 |
_atext _btxt _2rdacontent |
||
| 337 |
_aunmediated _bn _2rdamedia |
||
| 338 |
_avolume _bnc _2rdacarrier |
||
| 490 | 0 | _aالمناهج التدريبية؛ 209 | |
| 650 | 4 |
_aالماليه المعاصرة _933881 |
|
| 999 |
_aA13834 _c17402 _d17402 |
||